000 00562cam a22002052 4500
001 0000004117
005 20170406115555.0
008 140815s xx 000 0 eng d
020 _c$
040 _aYour Holding Symbol
_cYour Holding Symbol
100 1 _aBradley,Sculley.
245 1 4 _aThe American tradition in literature.
250 _a3rd ed.
260 _aNew york :
_bNorton,
_c1967.
300 _a1734 p. ;
_c cm.
504 _aindex.
650 0 _aamerican literature.
908 _a140815
999 _c3958
_d3958